Devine le joueur avec ses clubs . - Statistiques

Statistiques générales
  • Ce quiz a été pris 70 fois
  • Le résultat moyen est 5 sur 8
Statistiques - réponses
Par images Réponse % Correct
Ruiz
77%
Sané
77%
Lenglet
73%
Vlahovic
73%
Martial
70%
Rulli
67%
Gonalons
57%
Mazraoui
38%
Aucun quiz correspondant
Distribution des résultats
% des personnes avec chaque résultat
Percentile par nombre de réponses
Votre historique - résultats
Vous n’avez pas pris ce quiz